[Event "Bundesliga 2014/15"]
[Site "Schwaebisch Hall GER"]
[Date "2014.12.06"]
[Round "5"]
[White "Vallejo Pons, Francisco"]
[Black "Gharamian, Tigran"]
[Result "1-0"]
[WhiteElo "2716"]
[BlackElo "2657"]
[PlyCount "73"]
[EventDate "2014.10.18"]
[EventType "team"]
[WhiteTeam "OSG Baden-Baden"]
[BlackTeam "SK Schwaebisch Hall"]

1. e4 c5 2. Nf3 d6 3. d4 cxd4 4. Nxd4 Nf6 5. Nc3 Nc6 6. Bg5 e6 7. Qd2 a6 8.
O-O-O Bd7 9. f3 h6 10. Be3 b5 11. Kb1 Be7 12. Bd3 Nxd4 13. Bxd4 Bc6 14. h4 h5
15. e5 dxe5 16. Bxe5 Qa5 17. Qg5 b4 18. Bxf6 Qxg5 19. Bxg5 bxc3 20. b3 Bd5 21.
Rhe1 Bxg5 22. hxg5 Ke7 23. Re3 Rhc8 24. Bxa6 Bxb3 25. Bxc8 Bxa2+ 26. Kc1 Rxc8
27. Rdd3 Rc5 28. f4 Rf5 29. g3 f6 30. g6 h4 31. Rxc3 hxg3 32. Rxg3 Kd6 33.
Rcd3+ Kc6 34. Ra3 Bd5 35. Ra7 Rxf4 36. Rxg7 f5 37. Re7 1-0

[Event "Bundesliga 2014/15"]
[Site "Dresden GER"]
[Date "2014.12.06"]
[Round "5"]
[White "Landa, Konstantin"]
[Black "Almasi, Zoltan"]
[Result "1/2-1/2"]
[WhiteElo "2647"]
[BlackElo "2695"]
[PlyCount "59"]
[EventDate "2014.10.18"]
[EventType "team"]
[WhiteTeam "SV Muelheim Nord"]
[BlackTeam "USV TU Dresden"]

1. d4 Nf6 2. c4 e6 3. Nc3 Bb4 4. e3 O-O 5. Bd3 d5 6. Nf3 c5 7. O-O dxc4 8. Bxc4
Nc6 9. a3 Ba5 10. Qd3 a6 11. dxc5 Qxd3 12. Bxd3 Rd8 13. Bc2 Bxc3 14. bxc3 e5
15. a4 Be6 16. Rb1 Bc4 17. Re1 Rab8 18. e4 Bd3 19. Rb2 h6 20. h3 Rbc8 21. Bxd3
Rxd3 22. Rxb7 Rxc3 23. Bb2 Rxc5 24. Rb6 Rc4 25. Rxa6 Nxe4 26. Rxc6 R4xc6 27.
Rxe4 f6 28. Rb4 Rc4 29. Rxc4 Rxc4 30. Nxe5 1/2-1/2

[Event "Bundesliga 2014/15"]
[Site "Hockenheim GER"]
[Date "2014.12.06"]
[Round "5"]
[White "Edouard, Romain"]
[Black "Moiseenko, Alexander"]
[Result "0-1"]
[WhiteElo "2659"]
[BlackElo "2698"]
[PlyCount "78"]
[EventDate "2014.10.18"]
[EventType "team"]
[WhiteTeam "Werder Bremen"]
[BlackTeam "SV 1930 Hockenheim"]

1. d4 Nf6 2. c4 e6 3. Nc3 Bb4 4. Nf3 b6 5. Qb3 c5 6. Bg5 Bb7 7. e3 O-O 8. Be2
cxd4 9. exd4 Be7 10. O-O Nc6 11. Rad1 Rc8 12. d5 Na5 13. Qa4 exd5 14. cxd5 Nxd5
15. Nxd5 Bxg5 16. Qg4 Bh6 17. b4 Nc6 18. Bd3 Ne7 19. Qe4 Ng6 20. Bb1 Re8 21.
Qf5 Ba6 22. Rfe1 Be2 23. h4 Bxd1 24. Rxd1 d6 25. Kh2 Rc1 26. Rd4 Qc8 27. Qd3 f5
28. h5 Ne5 29. Nxe5 Rxe5 30. f4 Rxd5 31. Rxd5 Bxf4+ 32. g3 Bxg3+ 33. Kg2 Be5
34. Qxf5 Qxf5 35. Bxf5 Rc3 36. Kf2 Rc4 37. Ke3 Rh4 38. Rd1 Rxh5 39. Rf1 Bf6 0-1

[Event "Bundesliga 2014/15"]
[Site "Schwaebisch Hall GER"]
[Date "2014.12.07"]
[Round "6"]
[White "Bogner, Sebastian"]
[Black "Li, Chao b"]
[Result "0-1"]
[WhiteElo "2599"]
[BlackElo "2711"]
[PlyCount "68"]
[EventDate "2014.10.18"]
[EventType "team"]
[WhiteTeam "SC Eppingen"]
[BlackTeam "SK Schwaebisch Hall"]

1. Nf3 Nf6 2. c4 g6 3. Nc3 d5 4. cxd5 Nxd5 5. e4 Nxc3 6. dxc3 Qxd1+ 7. Kxd1 f6
8. Be3 e5 9. Nd2 Nd7 10. Nb3 a5 11. a4 f5 12. exf5 gxf5 13. f3 Rg8 14. g3 b6
15. Bc4 Rg6 16. Ke2 Bb7 17. Rhd1 O-O-O 18. Kf2 Bd6 19. Rg1 f4 20. gxf4 exf4 21.
Bd4 c5 22. Bg7 Be5 23. Rxg6 hxg6 24. Bxe5 Nxe5 25. Be2 Nd3+ 26. Bxd3 Rxd3 27.
Rg1 Rxf3+ 28. Ke1 Re3+ 29. Kf2 Rh3 30. Rxg6 Rxh2+ 31. Kg1 Rxb2 32. Rxb6 c4 33.
Rxb7 cxb3 34. Rb5 Rb1+ 0-1

[Event "Bundesliga 2014/15"]
[Site "Schwaebisch Hall GER"]
[Date "2014.12.07"]
[Round "6"]
[White "Bischoff, Klaus"]
[Black "Bacrot, Etienne"]
[Result "1/2-1/2"]
[WhiteElo "2504"]
[BlackElo "2719"]
[PlyCount "43"]
[EventDate "2014.10.18"]
[EventType "team"]
[WhiteTeam "FC Bayern Muenchen"]
[BlackTeam "OSG Baden-Baden"]

1. d4 Nf6 2. c4 g6 3. Nc3 Bg7 4. e4 d6 5. Nf3 O-O 6. Be2 e5 7. d5 a5 8. Bg5 h6
9. Bh4 Na6 10. Nd2 Bd7 11. f3 Qe8 12. Bf2 Nh5 13. g3 f5 14. a3 Nf6 15. Qc2 c6
16. O-O-O cxd5 17. exd5 Rc8 18. Qb3 e4 19. Qb6 exf3 20. Bxf3 Ne4 21. Rhe1 Qf7
22. Bxe4 1/2-1/2

[Event "Bundesliga 2014/15"]
[Site "Schwaebisch Hall GER"]
[Date "2014.12.07"]
[Round "6"]
[White "Belezky, Alexander"]
[Black "Naiditsch, Arkadij"]
[Result "1/2-1/2"]
[WhiteElo "2451"]
[BlackElo "2710"]
[PlyCount "96"]
[EventDate "2014.10.18"]
[EventType "team"]
[WhiteTeam "FC Bayern Muenchen"]
[BlackTeam "OSG Baden-Baden"]

1. Nf3 Nf6 2. g3 g6 3. b3 Bg7 4. Bb2 d5 5. c4 dxc4 6. bxc4 c5 7. Bg2 O-O 8. O-O
Nc6 9. d3 Bg4 10. h3 Bd7 11. Nc3 e6 12. Na4 Qe7 13. Ne5 Nxe5 14. Bxe5 Ne8 15.
Bxg7 Nxg7 16. Rb1 Rab8 17. Nc3 b6 18. Qc1 Rfd8 19. Qf4 Nf5 20. g4 Nh4 21. Bh1
Be8 22. Qh6 f5 23. g5 Qg7 24. Qxg7+ Kxg7 25. f4 h6 26. gxh6+ Kxh6 27. Rb3 g5
28. fxg5+ Kxg5 29. Ra3 Rd7 30. Nb5 a5 31. Nc3 Ng6 32. Rb1 Nf4 33. Rxa5 Rh7 34.
Ra8 Rxa8 35. Bxa8 Ra7 36. Bg2 Kh4 37. Kf2 Ra3 38. Rb3 Rxb3 39. axb3 Bd7 40. Nb1
Nxh3+ 41. Bxh3 Kxh3 42. Kf3 e5 43. Nc3 Kh4 44. e4 Kg5 45. Nd5 b5 46. Nc7 bxc4
47. bxc4 Bc8 48. exf5 Kxf5 1/2-1/2

[Event "Bundesliga 2014/15"]
[Site "Schwaebisch Hall GER"]
[Date "2014.12.07"]
[Round "6"]
[White "Kasimdzhanov, Rustam"]
[Black "Fedorovsky, Michael"]
[Result "1/2-1/2"]
[WhiteElo "2706"]
[BlackElo "2436"]
[PlyCount "45"]
[EventDate "2014.10.18"]
[EventType "team"]
[WhiteTeam "OSG Baden-Baden"]
[BlackTeam "FC Bayern Muenchen"]

1. Nf3 d5 2. g3 Nf6 3. Bg2 g6 4. c4 c6 5. Qa4 Nbd7 6. cxd5 cxd5 7. O-O Bg7 8.
Nc3 O-O 9. d3 e5 10. Bg5 d4 11. Ne4 h6 12. Nxf6+ Nxf6 13. Bxf6 Bxf6 14. Nd2 Bg4
15. Rfe1 Qd7 16. Qxd7 Bxd7 17. Rac1 Bg5 18. Rc7 Bxd2 19. Rd1 Be6 20. Rxd2 Rac8
21. Rdc2 Rxc7 22. Rxc7 Rc8 23. Rxc8+ 1/2-1/2

[Event "Bundesliga 2014/15"]
[Site "Schwaebisch Hall GER"]
[Date "2014.12.07"]
[Round "6"]
[White "Jorczik, Julian"]
[Black "Vallejo Pons, Francisco"]
[Result "1/2-1/2"]
[WhiteElo "2400"]
[BlackElo "2716"]
[PlyCount "82"]
[EventDate "2014.10.18"]
[EventType "team"]
[WhiteTeam "FC Bayern Muenchen"]
[BlackTeam "OSG Baden-Baden"]

1. d4 e6 2. c4 b6 3. a3 Bb7 4. Nc3 Nf6 5. Nf3 g6 6. Bf4 Bg7 7. e3 O-O 8. h3 d6
9. Be2 Qe7 10. O-O Nbd7 11. Bh2 Rfd8 12. b4 c5 13. Qb3 Ne4 14. Nxe4 Bxe4 15.
Rac1 Rac8 16. Rfd1 cxd4 17. exd4 Bh6 18. Ra1 Nf6 19. g4 Bg7 20. Qe3 Bb7 21.
Rac1 Ne4 22. Nd2 Nf6 23. Nf3 a5 24. d5 axb4 25. axb4 b5 26. g5 Nh5 27. c5 dxc5
28. d6 Qd7 29. Rxc5 Rxc5 30. Qxc5 e5 31. Qc7 Nf4 32. Bxf4 exf4 33. Qxd7 Rxd7
34. Ne1 Bf8 35. Bxb5 Rxd6 36. Rxd6 Bxd6 37. Nd3 Be4 38. Nc5 Bf5 39. h4 Kg7 40.
Kg2 h6 41. Kf3 hxg5 1/2-1/2

[Event "Bundesliga 2014/15"]
[Site "Dresden GER"]
[Date "2014.12.07"]
[Round "6"]
[White "Almasi, Zoltan"]
[Black "Ragger, Markus"]
[Result "1/2-1/2"]
[WhiteElo "2695"]
[BlackElo "2658"]
[PlyCount "40"]
[EventDate "2014.10.18"]
[EventType "team"]
[WhiteTeam "USV TU Dresden"]
[BlackTeam "SG Solingen"]

1. e4 c5 2. Nf3 d6 3. d4 cxd4 4. Nxd4 Nf6 5. Nc3 a6 6. Be2 e5 7. Nb3 Be7 8. O-O
O-O 9. Bg5 Be6 10. Bxf6 Bxf6 11. Nd5 Nc6 12. c3 Bg5 13. a4 Rc8 14. a5 Ne7 15.
Nb6 Rc6 16. Bf3 Nc8 17. Nd5 Ne7 18. Nb6 Nc8 19. Nd5 Ne7 20. Nb6 Nc8 1/2-1/2

[Event "Bundesliga 2014/15"]
[Site "Hockenheim GER"]
[Date "2014.12.07"]
[Round "6"]
[White "Swiercz, Dariusz"]
[Black "Moiseenko, Alexander"]
[Result "1-0"]
[WhiteElo "2614"]
[BlackElo "2698"]
[PlyCount "123"]
[EventDate "2014.10.18"]
[EventType "team"]
[WhiteTeam "SK Turm Emsdetten"]
[BlackTeam "SV 1930 Hockenheim"]

1. d4 Nf6 2. c4 e6 3. Nf3 d5 4. Nc3 Bb4 5. Qa4+ Nc6 6. e3 O-O 7. Qc2 dxc4 8.
Bxc4 Bd6 9. O-O e5 10. h3 Bd7 11. Rd1 Qc8 12. dxe5 Nxe5 13. Nxe5 Bxe5 14. e4
Bxh3 15. gxh3 Qxh3 16. f3 Qxf3 17. Qg2 Qxg2+ 18. Kxg2 Rfe8 19. Kf3 Bxc3 20.
bxc3 Rxe4 21. Bd3 Re6 22. Bf4 Rae8 23. Rab1 b6 24. Bb5 c6 25. Bc4 Re4 26. Rd4
h6 27. Bd3 Rxd4 28. cxd4 Nd5 29. Rc1 g5 30. Bd2 Re6 31. Bf5 Rf6 32. Ke4 Ne7 33.
Bd7 Rd6 34. Bh3 c5 35. Be3 cxd4 36. Bxd4 f5+ 37. Bxf5 Rxd4+ 38. Kxd4 Nxf5+ 39.
Ke5 Nh4 40. Kf6 a5 41. Rc8+ Kh7 42. Rc7+ Kh8 43. Rb7 g4 44. Rg7 h5 45. Rg5 Nf3
46. Rxh5+ Kg8 47. a4 g3 48. Rh3 g2 49. Rg3+ Kf8 50. Rxg2 Ke8 51. Rg3 Nd4 52.
Re3+ Kd7 53. Rd3 Kc6 54. Rxd4 b5 55. Ke5 bxa4 56. Rxa4 Kb5 57. Ra1 a4 58. Kd4
Kb4 59. Rb1+ Ka3 60. Kc3 Ka2 61. Rb4 a3 62. Ra4 1-0

[Event "North American Open 2014"]
[Site "Las Vegas"]
[Date "2014.12.26"]
[Round "1"]
[White "Morshedi, Ali"]
[Black "So, Wesley"]
[Result "0-1"]
[WhiteElo "2266"]
[BlackElo "2762"]
[PlyCount "74"]
[EventDate "2014.12.??"]
[EventType "swiss"]
[EventRounds "9"]
[EventCountry "USA"]
[Source "MonRoi"]

1. e4 c5 2. Nf3 e6 3. d4 cxd4 4. Nxd4 Nc6 5. Nc3 a6 6. Be2 d6 7. O-O Nf6 8. Be3
Be7 9. a4 O-O 10. Qd2 Qc7 11. Nb3 b6 12. f4 Bb7 13. Bf3 Rfe8 14. Qf2 Nd7 15.
Rad1 Rab8 16. e5 dxe5 17. f5 exf5 18. Nd5 Qc8 19. Bxb6 Bf8 20. Be2 Ne7 21.
Nxe7+ Rxe7 22. Ba7 Ra8 23. Nc5 g6 24. b4 Nf6 25. Bb6 Nd5 26. Nxb7 Qxb7 27. Bc5
Rd7 28. Bxf8 Rxf8 29. b5 Nc3 30. Rxd7 Qxd7 31. bxa6 Qxa4 32. Re1 Nxe2+ 33. Qxe2
Re8 34. Rb1 Re6 35. Rb8+ Kg7 36. Ra8 Qc6 37. Ra7 Qb6+ 0-1

[Event "North American Open 2014"]
[Site "Las Vegas"]
[Date "2014.12.26"]
[Round "2"]
[White "So, Wesley"]
[Black "Bryant, John"]
[Result "1-0"]
[WhiteElo "2762"]
[BlackElo "2367"]
[PlyCount "81"]
[EventDate "2014.12.??"]
[EventType "swiss"]
[EventRounds "9"]
[EventCountry "USA"]
[Source "MonRoi"]

1. d4 Nf6 2. c4 c5 3. d5 e6 4. Nc3 exd5 5. cxd5 d6 6. Nf3 g6 7. Bf4 Bg7 8. Qa4+
Bd7 9. Qb3 Qc7 10. e4 O-O 11. Nd2 Nh5 12. Be3 f5 13. exf5 Bxf5 14. Be2 Nf6 15.
O-O a6 16. a4 Nbd7 17. Nc4 Rf7 18. Bf4 Ne8 19. Bg3 Re7 20. Ne3 Ne5 21. Nxf5
gxf5 22. Qc2 Qd7 23. f4 Ng6 24. Bd3 Bd4+ 25. Kh1 Ng7 26. Ne2 Bf6 27. Be1 Rae8
28. Ng3 Nh4 29. a5 Rf8 30. Rc1 Qd8 31. b4 Rxe1 32. Rfxe1 cxb4 33. Qc7 Ng6 34.
Rf1 Ne7 35. Qxb7 Qxa5 36. Rc7 Qa3 37. Rf3 b3 38. Bf1 Qa1 39. Rxb3 Qe1 40. Qxa6
Kh8 41. Rcb7 1-0

[Event "North American Open 2014"]
[Site "Las Vegas"]
[Date "2014.12.27"]
[Round "3"]
[White "Yankovsky, Roman"]
[Black "So, Wesley"]
[Result "0-1"]
[WhiteElo "2436"]
[BlackElo "2762"]
[PlyCount "54"]
[EventDate "2014.12.??"]
[EventType "swiss"]
[EventRounds "9"]
[EventCountry "USA"]
[Source "MonRoi"]

1. e4 c6 2. d4 d5 3. exd5 cxd5 4. c4 Nf6 5. Nc3 Nc6 6. Nf3 g6 7. cxd5 Nxd5 8.
Bc4 Nb6 9. Bb5 Bg7 10. O-O O-O 11. Bxc6 bxc6 12. Re1 Bg4 13. Bg5 Re8 14. h3
Bxf3 15. Qxf3 h6 16. Bh4 Nd5 17. Nxd5 cxd5 18. Rac1 Bxd4 19. Rcd1 Bxb2 20. Rxd5
Qc7 21. Rd2 Bg7 22. Rxe7 Rxe7 23. Qxa8+ Kh7 24. Bxe7 Qc1+ 25. Kh2 Qxd2 26. Bc5
a5 27. Bb6 Qd6+ 0-1

[Event "Zurich Christmas Open 2014"]
[Site "?"]
[Date "2014.12.26"]
[Round "1"]
[White "Salzgeber, Frank"]
[Black "Rapport, Richard"]
[Result "1-0"]
[WhiteElo "2716"]
[BlackElo "2175"]
[PlyCount "61"]
[EventDate "2014.12.26"]

1. d4 Nf6 2. c4 d6 3. Nc3 g6 4. e4 Bg7 5. f3 O-O 6. Bg5 c5 7. d5 h6 8. Be3 e6
9. Nge2 exd5 10. cxd5 Nbd7 11. Ng3 h5 12. Be2 h4 13. Nf1 Nh7 14. Nd2 f5 15.
exf5 gxf5 16. O-O Ne5 17. Kh1 Qe7 18. Bf2 Ng6 19. Rg1 Bd7 20. a4 Nf4 21. Bf1
Nh5 22. Qe1 Qf7 23. Nc4 Rae8 24. Qd2 Bxc3 25. Qxc3 Ng3+ 26. hxg3 hxg3 27. Bxg3
Qh5+ 28. Bh2 Rf6 29. g4 Qh4 30. gxf5+ Kf7 31. Nxd6+ 1-0

[Event "Zurich Christmas Open 2014"]
[Site "?"]
[Date "2014.12.26"]
[Round "1"]
[White "Naiditsch, Arkadij"]
[Black "Toth, Sarolta"]
[Result "1-0"]
[WhiteElo "2731"]
[BlackElo "2177"]
[PlyCount "71"]
[EventDate "2014.12.26"]

1. e4 e5 2. Nf3 Nc6 3. Bb5 Nf6 4. Nc3 Bd6 5. d3 h6 6. a3 a6 7. Bc4 Bc5 8. Be3
d6 9. h3 Qe7 10. O-O O-O 11. b4 Bd4 12. Bxd4 Nxd4 13. Nxd4 exd4 14. Ne2 c5 15.
Nf4 Kh7 16. bxc5 dxc5 17. a4 b6 18. Qf3 Rb8 19. Rfb1 Qe8 20. Qg3 Bd7 21. e5 Ng8
22. Re1 b5 23. axb5 axb5 24. Bd5 Ne7 25. Be4+ Bf5 26. Nh5 Rg8 27. Ra6 Bxe4 28.
Rxe4 Nf5 29. Qf3 Qc8 30. Ra7 Rf8 31. Rf4 g6 32. Nf6+ Kg7 33. g4 Nh4 34. Qd5 Ra8
35. Rb7 b4 36. Ne4 1-0

[Event "Zurich Christmas Open 2014"]
[Site "?"]
[Date "2014.12.27"]
[Round "3"]
[White "Naiditsch, Arkadij"]
[Black "Klauser, Markus"]
[Result "1-0"]
[WhiteElo "2731"]
[BlackElo "2386"]
[PlyCount "85"]
[EventDate "2014.12.27"]

1. e4 e5 2. Nf3 Nc6 3. Nc3 Nf6 4. Bb5 Bb4 5. O-O O-O 6. d3 d6 7. Bg5 Bxc3 8.
bxc3 Qe7 9. Re1 Nd8 10. d4 Bg4 11. h3 Bh5 12. g4 Bg6 13. d5 Rc8 14. Bd3 c6 15.
c4 b6 16. Nd2 h6 17. Bh4 Nb7 18. Qf3 Nc5 19. Bxf6 gxf6 20. Nf1 b5 21. Rab1 bxc4
22. Bxc4 Kg7 23. Ng3 cxd5 24. Bxd5 Ne6 25. c4 Rb8 26. Kh2 Qc7 27. Rg1 Rxb1 28.
Rxb1 Rb8 29. Rxb8 Qxb8 30. Qe3 a5 31. h4 Nf4 32. h5 Bh7 33. Ne2 Ne6 34. Bxe6
fxe6 35. Nc3 Qc7 36. Nb5 Qxc4 37. Qa7+ Kh8 38. Qe7 Qxb5 39. Qf8+ Bg8 40. Qxh6+
Bh7 41. Qf8+ Bg8 42. Qxf6+ Kh7 43. g5 1-0

[Event "North American Open 2014"]
[Site "Las Vegas"]
[Date "2014.12.28"]
[Round "5"]
[White "Erenburg, Sergey"]
[Black "So, Wesley"]
[Result "0-1"]
[WhiteElo "2601"]
[BlackElo "2762"]
[PlyCount "98"]
[EventDate "2014.12.??"]
[EventType "swiss"]
[EventRounds "9"]
[EventCountry "USA"]
[Source "MonRoi"]

1. e4 e6 2. d4 d5 3. Nd2 Be7 4. Bd3 c5 5. dxc5 Nf6 6. Qe2 O-O 7. Ngf3 a5 8. O-O
Na6 9. e5 Nd7 10. c3 Naxc5 11. Bc2 b5 12. Nd4 Qc7 13. N2f3 b4 14. cxb4 axb4 15.
Re1 Ba6 16. Qd1 Ne4 17. Bxe4 dxe4 18. Rxe4 Bb7 19. Re1 Rfd8 20. Bf4 Nc5 21. Qc2
Qd7 22. Red1 Rxa2 23. Ng5 g6 24. Rac1 Qa4 25. Qe2 Rxd4 26. Rxd4 Nb3 27. Rdd1
Nxc1 28. Rxc1 Ra1 29. Qd2 Rxc1+ 30. Qxc1 Qb3 31. f3 h6 32. Nh3 g5 33. Be3 Qd5
34. Qc7 Bd8 35. Qc5 Qd1+ 36. Kf2 g4 37. Bxh6 Bh4+ 38. Ke3 Qe1+ 39. Kd4 Qd1+ 40.
Ke3 Qe1+ 41. Kd4 Kh7 42. Qf8 Qd1+ 43. Kc5 Qc2+ 44. Kb5 Qd3+ 45. Kb6 Bd8+ 46.
Kc5 Qc2+ 47. Kb5 Bc6+ 48. Kxb4 Qxb2+ 49. Kc5 Be7+ 0-1

[Event "North American Open 2014"]
[Site "Las Vegas"]
[Date "2014.12.28"]
[Round "6"]
[White "So, Wesley"]
[Black "Zhou, Jianchao"]
[Result "1-0"]
[WhiteElo "2762"]
[BlackElo "2587"]
[PlyCount "103"]
[EventDate "2014.12.??"]
[EventType "swiss"]
[EventRounds "9"]
[EventCountry "USA"]
[Source "MonRoi"]

1. e4 e5 2. Nf3 Nc6 3. Bb5 Nf6 4. O-O Nxe4 5. d4 Nd6 6. Bxc6 dxc6 7. dxe5 Nf5
8. Qxd8+ Kxd8 9. b3 Ne7 10. c4 Ng6 11. h3 Bd7 12. Nc3 Ke8 13. Ne2 Rd8 14. Rd1
Be7 15. Be3 a6 16. Kh2 h5 17. g3 Bc8 18. Kg2 Rxd1 19. Rxd1 Rg8 20. Bc1 b6 21.
Be3 Bb7 22. c5 bxc5 23. Nc3 Bc8 24. Na4 Be6 25. Bxc5 Bd5 26. Bxe7 Kxe7 27. Nc3
Rd8 28. Nxd5+ Rxd5 29. Re1 Nf8 30. Rc1 Kd7 31. Ng5 Rxe5 32. Nxf7 Re2 33. Rc5
Rxa2 34. Rxh5 Ke7 35. Ne5 Rc2 36. h4 c5 37. Rf5 Ne6 38. h5 Re2 39. g4 Kd6 40.
Nc4+ Ke7 41. g5 Re4 42. Ne3 a5 43. Kg3 a4 44. bxa4 Rxa4 45. g6 c4 46. Rf7+ Kd8
47. h6 gxh6 48. g7 Nxg7 49. Rxg7 c3 50. Kf3 h5 51. Rg5 h4 52. Rg4 1-0

[Event "Zurich Christmas Open 2014"]
[Site "?"]
[Date "2014.12.28"]
[Round "4"]
[White "Rapport, Richard"]
[Black "Rindlisbacher, Lars"]
[Result "1-0"]
[WhiteElo "2716"]
[BlackElo "2289"]
[PlyCount "64"]
[EventDate "2014.12.28"]

1. Nc3 d5 2. d4 Nf6 3. Bf4 Bf5 4. f3 e6 5. g4 Bg6 6. h4 h6 7. e3 Bd6 8. h5 Bh7
9. Bd3 Bxf4 10. exf4 Bxd3 11. Qxd3 Qd7 12. O-O-O Na6 13. Qe3 O-O-O 14. Nh3 Ne8
15. Nf2 Nd6 16. Nd3 Nc4 17. Qe1 Qd6 18. Na4 b6 19. Rh2 Rhe8 20. Re2 Re7 21. b3
Qa3+ 22. Kb1 c5 23. Qc3 Rc7 24. dxc5 b5 25. bxc4 Qxa4 26. Nb2 Qb4 27. Qxb4 Nxb4
28. cxb5 d4 29. Na4 Rb7 30. c4 dxc3 31. Rxd8+ Kxd8 32. Nxc3 Nd5 1-0

[Event "North American Open 2014"]
[Site "Las Vegas"]
[Date "2014.12.29"]
[Round "7"]
[White "So, Wesley"]
[Black "Bu, Xiangzhi"]
[Result "1/2-1/2"]
[WhiteElo "2762"]
[BlackElo "2691"]
[PlyCount "164"]
[EventDate "2014.12.??"]
[EventType "swiss"]
[EventRounds "9"]
[EventCountry "USA"]
[Source "MonRoi"]

1. e4 c5 2. Nf3 Nc6 3. d4 cxd4 4. Nxd4 g6 5. c4 Nf6 6. Nc3 Nxd4 7. Qxd4 d6 8.
f3 Bg7 9. Be3 O-O 10. Qd2 Be6 11. Rc1 Qa5 12. b3 Rfc8 13. Bd3 a6 14. Na4 Qxd2+
15. Kxd2 Nd7 16. f4 f5 17. Rhe1 Rf8 18. g3 Nf6 19. Bd4 Rae8 20. c5 fxe4 21.
Bxe4 Nxe4+ 22. Rxe4 Bd5 23. Bxg7 Bxe4 24. Bxf8 Kxf8 25. cxd6 exd6 26. Rc7 Re7
27. Rxe7 Kxe7 28. Nc3 Bc6 29. Nd1 Ke6 30. Ne3 h5 31. Kc3 Be4 32. Kd4 Bc6 33. b4
Bf3 34. h3 Bc6 35. g4 hxg4 36. hxg4 Bf3 37. a3 Kf7 38. Kd3 Kf6 39. Kd2 Ke6 40.
Kc3 Ke7 41. Kc4 Ke6 42. a4 Bc6 43. b5 axb5+ 44. axb5 Bf3 45. Kd4 Be2 46. b6 Bf3
47. g5 Bc6 48. Nc2 Ba4 49. Nb4 Bb5 50. Ke4 Ba4 51. Ke3 Bd7 52. Kd4 Bb5 53. Nd5
Bc6 54. Nc3 Kf5 55. Ke3 Ke6 56. Kd4 Kf5 57. Nd5 Ke6 58. Ne3 Bf3 59. Nc4 Bc6 60.
Ke3 Bd5 61. Na3 Bc6 62. Nc2 Bd7 63. Ke4 Bc6+ 64. Kd3 Bb5+ 65. Kd4 Bc6 66. Kc4
Bd5+ 67. Kd3 Bg2 68. Ke3 Kd5 69. f5 gxf5 70. Kf4 Be4 71. Ne3+ Ke6 72. Nc4 Bd5
73. Ne3 Be4 74. Nc4 Bd5 75. Nd2 Kd7 76. Kxf5 Kc6 77. Ne4 Kxb6 78. Nxd6 Kc6 79.
Ke5 Ba2 80. g6 Kd7 81. Nxb7 Ke7 82. g7 Kf7 1/2-1/2

[Event "Zurich Christmas Open 2014"]
[Site "Zurich SUI"]
[Date "2014.12.29"]
[Round "5"]
[White "Naiditsch, Arkadij"]
[Black "Rambaldi, Francesco"]
[Result "1-0"]
[WhiteElo "2731"]
[BlackElo "2476"]
[PlyCount "81"]
[EventDate "2014.12.26"]

1. e4 c6 2. d4 d5 3. e5 Bf5 4. Nf3 e6 5. Be2 Nd7 6. O-O h6 7. b3 Rc8 8. c4 Bb4
9. Bd2 Bxd2 10. Qxd2 Ne7 11. Nc3 O-O 12. Rfe1 a6 13. c5 f6 14. exf6 Rxf6 15.
Nh4 g5 16. Nxf5 Nxf5 17. Bg4 Ng7 18. Na4 Qc7 19. Nb2 h5 20. Be2 Qf4 21. Qe3 e5
22. dxe5 Qxe3 23. fxe3 Re6 24. e4 Nxe5 25. Rad1 Rd8 26. exd5 cxd5 27. Rf1 g4
28. Nd3 Ng6 29. Rd2 Re3 30. Nb4 Ne6 31. Bd3 Ne5 32. Bf5 Nxc5 33. Nxd5 Kg7 34.
Rfd1 Ne4 35. Nxe3 Nxd2 36. Kf2 Nc6 37. Ke1 Nxb3 38. Rxd8 Nxd8 39. axb3 Nc6 40.
Be4 Nd4 41. Nf5+ 1-0

[Event "Zurich Christmas Open 2014"]
[Site "Zurich SUI"]
[Date "2014.12.29"]
[Round "5"]
[White "Kessler, Luca"]
[Black "Rapport, Richard"]
[Result "0-1"]
[WhiteElo "2333"]
[BlackElo "2716"]
[PlyCount "106"]
[EventDate "2014.12.26"]

1. d4 Nf6 2. c4 c5 3. d5 g6 4. Nc3 Bg7 5. e4 d6 6. Nf3 O-O 7. h3 e6 8. Bd3 Qe7
9. O-O e5 10. Rb1 Nbd7 11. a3 Nh5 12. Re1 h6 13. b4 b6 14. Qc2 Kh8 15. Be3 Nf4
16. Bf1 g5 17. g3 Qf6 18. bxc5 bxc5 19. Nh2 Qg6 20. g4 h5 21. f3 hxg4 22. hxg4
Nb6 23. a4 Bf6 24. a5 Nd7 25. Qa4 Nb8 26. a6 Kg7 27. Bf2 Bd8 28. Nd1 Bb6 29.
Ne3 Rh8 30. Nf5+ Kf8 31. Rxb6 axb6 32. a7 Bxf5 33. axb8=R+ Rxb8 34. exf5 Qf6
35. Bg3 Kg7 36. Qb3 Ra8 37. Qb2 Ra4 38. Ra1 Rb4 39. Qc3 b5 40. cxb5 Nxd5 41.
Qd2 Rd4 42. Qc2 c4 43. Bf2 Nb4 44. Qc3 Qh6 45. Bg3 Nd5 46. Qe1 c3 47. Rd1 Nf4
48. Rxd4 exd4 49. Qe4 Rc8 50. Qb7 Rc5 51. Bf2 c2 52. Bxd4+ Kg8 53. Qe7 c1=Q 0-1

[Event "North American Open 2014"]
[Site "Las Vegas"]
[Date "2014.12.29"]
[Round "8"]
[White "Becerra, Julio"]
[Black "So, Wesley"]
[Result "1/2-1/2"]
[WhiteElo "2546"]
[BlackElo "2762"]
[PlyCount "36"]
[EventDate "2014.12.??"]
[EventType "swiss"]
[EventRounds "9"]
[EventCountry "USA"]
[Source "MonRoi"]

1. e4 e5 2. Nf3 Nc6 3. Bb5 Nf6 4. O-O Nxe4 5. Re1 Nd6 6. Nxe5 Be7 7. Bf1 Nxe5
8. Rxe5 O-O 9. d4 Bf6 10. Re1 Re8 11. c3 Rxe1 12. Qxe1 Nf5 13. Bf4 c6 14. Nd2
d5 15. Nf3 Nd6 16. Bd3 Bf5 17. Bxf5 Nxf5 18. Qe2 Qe7 1/2-1/2

[Event "North American Open 2014"]
[Site "Las Vegas"]
[Date "2014.12.30"]
[Round "9"]
[White "So, Wesley"]
[Black "Batchuluun, Tsegme"]
[Result "1-0"]
[WhiteElo "2762"]
[BlackElo "2525"]
[PlyCount "91"]
[EventDate "2014.12.??"]
[EventType "swiss"]
[EventRounds "9"]
[EventCountry "USA"]
[Source "MonRoi"]

1. d4 Nf6 2. c4 e6 3. Nf3 d5 4. Nc3 Be7 5. Bf4 Nbd7 6. Nb5 Bb4+ 7. Nd2 Ba5 8.
b4 a6 9. bxa5 axb5 10. cxb5 Nh5 11. Be3 Rxa5 12. Nb3 Ra8 13. Bd2 O-O 14. e3
Nhf6 15. Qc2 e5 16. Be2 exd4 17. Nxd4 Ne5 18. O-O Bg4 19. f3 Bd7 20. a4 c6 21.
bxc6 Nxc6 22. Qb2 Nxd4 23. Qxd4 Re8 24. a5 Bc6 25. Rfc1 Qd7 26. Rc2 h6 27. Rac1
Rec8 28. Bd3 Qe6 29. Qf4 Bd7 30. Kf2 Rxc2 31. Rxc2 Ne8 32. Qd4 Nf6 33. Rc7 Bc6
34. Bb4 Ne8 35. Re7 Qf6 36. h4 Qxd4 37. exd4 Nf6 38. g4 g6 39. Bd2 Kg7 40.
Bxh6+ Kxh6 41. Rxf7 Be8 42. g5+ Kh5 43. Rxf6 Kxh4 44. f4 Rxa5 45. Rf8 Bb5 46.
Kf3 1-0

[Event "Zurich Christmas Open 2014"]
[Site "?"]
[Date "2014.12.29"]
[Round "6"]
[White "Rapport, Richard"]
[Black "Meier, Georg"]
[Result "1-0"]
[WhiteElo "2716"]
[BlackElo "2640"]
[PlyCount "79"]
[EventDate "2014.12.29"]

1. e4 e6 2. d3 d5 3. Qe2 Nc6 4. Nf3 Nf6 5. c3 e5 6. Qc2 Bg4 7. Be2 b6 8. Nbd2
Bd6 9. h3 Be6 10. Nf1 Ne7 11. g4 h5 12. g5 Nd7 13. Ng3 c6 14. Nh4 g6 15. Be3 c5
16. exd5 Nxd5 17. Bd2 Qc7 18. Ne4 Be7 19. a4 O-O-O 20. a5 Rhe8 21. Ng2 Nb8 22.
Bf3 a6 23. h4 Nc6 24. O-O Nxa5 25. Be3 Nf4 26. Qa4 Nc6 27. Bxc5 Bg4 28. Bxg4+
hxg4 29. Qd1 Qd7 30. Bxb6 Qxd3 31. Qxg4+ Qd7 32. Qf3 Qd3 33. Qg4+ Qd7 34. f3
Qxg4 35. fxg4 Rd3 36. Nxf4 exf4 37. Rxf4 Ne5 38. Kg2 Bd8 39. Bd4 Bc7 40. Rc1
1-0